| 000 | 00813nam a2200229Ia 4500 | ||
|---|---|---|---|
| 005 | 20250425162816.0 | ||
| 008 | 250425s9999 xx 000 0 und d | ||
| 020 | _a9781260108385 | ||
| 041 |
_z _heng |
||
| 082 |
_a658.5 _pJAC |
||
| 100 | _aJacobs, F. Robert | ||
| 245 | 0 |
_aManufacturing Planning And Control For Supply Chain Management: The Cpim Reference _cF. Robert Jacobs; William L. Berry; D. Clay Whybark; Thomas E. Vollmann |
|
| 260 |
_aNew York _bMc Graw Hill _c2018 |
||
| 300 |
_a617 páginas _bIlustrado _c24.3 cm |
||
| 500 | _aTabla de contenido, Apendice, Indice | ||
| 650 | _aControl de producción | ||
| 650 | _aLogística empresarial | ||
| 650 | _aPlanificación de la producción | ||
| 700 | _aBerry, William L.; Whybark, D. Clay; Vollmann, Thomas E. | ||
| 942 | _c01 | ||
| 010 | _a109409 | ||
| 999 |
_c236853 _d236853 |
||